000 00588nam a22001817a 4500
005 20251108172253.0
008 250721s1990 xx 000 0 ara d
082 1 4 _a956.406/ابر
100 1 _aسربل، إبراهيم
245 1 0 _aحركة الجهاد الإسلامي و الإنتفاضة :
_bكتائب الأقصى /
264 1 _aعمان :
_bدار النسر للنشر و التوزيع،
_c1990.
300 _a135ص
650 1 7 _aفلسطين
650 1 7 _aتاريخ
650 1 7 _aالإنتفاضه الفلسطينيه 1988
942 _2ddc
_cBK
999 _c74758
_d74758